000 006040000a22002050004500
003 LK-CoMWRAF
005 20231027094118.0
008 230817t1993 ||||| |||| 00| 0 eng d
020 _a8170130999
040 _aLK-CoMWRAF
_dLK-CoMWRAF
_eLK-CoMWRAF
041 _aeng
082 _a954.930
_bASA
100 _aAsad, M.N.M. Kamil
245 _aThe Muslims of Sri Lanka under the British Rule
260 _aNew Delhi:
_bNavrang,
_c1993
300 _a166 p. : maps ; 25 cm.
_bBibliography and index included
650 _aMUSLIMS-Sri Lanka--History
650 _aBritish-Sri Lanka--History
942 _cBK
999 _c1871
_d1871